Válságlogisztikai helyzetek kezelése a Bosch Csoportnál a vörös-tengeri helyzet aspektusában
| Szerző: | |
|---|---|
| További közreműködők: | |
| Dokumentumtípus: | Projektmunka |
| Kulcsszavak: | 21. század kockázatmenedzsment nemzetközi logisztika tengeri szállítmányozás válsághelyzet(ek) Vörös-tengeri konfliktus |
| Online Access: | http://dolgozattar.uni-bge.hu/59706 |
MARC
| LEADER | 00000nnm a2200000 i 4500 | ||
|---|---|---|---|
| 001 | dolg59706 | ||
| 005 | 20260409145444.0 | ||
| 008 | 260409suuuu hu o 000 hun d | ||
| 040 | |a BGE Dolgozattár Repozitórium |b hun | ||
| 041 | |a hu | ||
| 100 | 1 | |a Simon Krisztofer | |
| 245 | 1 | 0 | |a Válságlogisztikai helyzetek kezelése a Bosch Csoportnál a vörös-tengeri helyzet aspektusában |c Simon Krisztofer |h [elektronikus dokumentum] |
| 516 | |a Project_work | ||
| 520 | 3 | |a A projektfeladat a válságlogisztika jelentőségét vizsgálja a Bosch Csoport példáján keresztül, a Vörös-tengeri helyzet tükrében. A dolgozat első része bemutatja a logisztika történeti fejlődését, célját, fő szállítmányozási módjait, valamint a válsághelyzetek és a kockázatmenedzsment szerepét. Kiemelten tárgyalja, hogyan hatnak a globális konfliktusok, járványok és természeti katasztrófák az ellátási láncok biztonságára és folyamatosságára. A vörös-tengeri konfliktus esettanulmánya részletezi, hogyan okozott jelentős fennakadásokat és költségnövekedést a globális kereskedelemben. A Bosch csoport válságkezelési stratégiái – mint például alternatív útvonalak alkalmazása, a fuvardíjak újratárgyalása, biztonsági készletek növelése és légi szállítás igénybevétele – segítettek elkerülni az ügyfélkiszolgálás megszakadását. A dolgozat bemutatja a Bosch magyarországi logisztikai központjának szerepét is, külön figyelmet fordítva a fuvarszámlázásra, a rendszerbeállításokra és az operatív konfliktuskezelésre. Az elemzés szekunder kutatáson és kvalitatív esettanulmányokon alapul, amelyek összehasonlítják a globális válsághelyzetek általános tanulságait a Bosch saját intézkedéseivel. A dolgozat végül javaslatokat fogalmaz meg a jövőbeli válságkezelés hatékonyságának növelésére, hangsúlyozva a gyors döntéshozatal, a rugalmasság és a beszállítói együttműködés fontosságát a globális logisztikai hálózatok fenntartható működésének biztosítása érdekében. | |
| 695 | |a 21. század | ||
| 695 | |a kockázatmenedzsment | ||
| 695 | |a nemzetközi logisztika | ||
| 695 | |a tengeri szállítmányozás | ||
| 695 | |a válsághelyzet(ek) | ||
| 695 | |a Vörös-tengeri konfliktus | ||
| 700 | 1 | |a Kovács Dr. András |e ths | |
| 856 | 4 | 0 | |u http://dolgozattar.uni-bge.hu/59706/1/PROJEKTFELADAT_VALSAGLOGISZTIKA.pdf |z Dokumentum-elérés |
| 856 | 4 | 0 | |u http://dolgozattar.uni-bge.hu/59706/2/KM%20FOSZK%20b%C3%ADr%C3%A1lati%20lap_Simon%20Krisztofer_Kov%C3%A1cs_A.pdf |z Dokumentum-elérés |